<?xml version="1.0" encoding="UTF-8"?>
<record
    xmlns:xsi="http://www.w3.org/2001/XMLSchema-instance"
    xsi:schemaLocation="http://www.loc.gov/MARC21/slim http://www.loc.gov/standards/marcxml/schema/MARC21slim.xsd"
    xmlns="http://www.loc.gov/MARC21/slim">

  <leader>04531nam a22003737a 4500</leader>
  <controlfield tag="003">CHAP</controlfield>
  <controlfield tag="005">20250623092458.0</controlfield>
  <controlfield tag="007">ta</controlfield>
  <controlfield tag="008">250620s2003    mx ade|frm||| 001 0 spa d</controlfield>
  <datafield tag="040" ind1=" " ind2=" ">
    <subfield code="a">mxchpua</subfield>
    <subfield code="c">CHAP</subfield>
  </datafield>
  <datafield tag="041" ind1="0" ind2=" ">
    <subfield code="a">spa</subfield>
    <subfield code="b">eng</subfield>
  </datafield>
  <datafield tag="090" ind1=" " ind2=" ">
    <subfield code="a">Tesis</subfield>
    <subfield code="b">G89</subfield>
    <subfield code="c">2001</subfield>
  </datafield>
  <datafield tag="100" ind1="1" ind2=" ">
    <subfield code="a">Guzm&#xE1;n &#xC1;ngeles, Jos&#xE9; Luis</subfield>
  </datafield>
  <datafield tag="245" ind1="1" ind2=" ">
    <subfield code="a">Propuesta de sistema de enfriamiento en equipos de pasteurizaci&#xF3;n para uso rural /</subfield>
    <subfield code="c">Jos&#xE9; Luis Guzm&#xE1;n &#xC1;ngeles</subfield>
  </datafield>
  <datafield tag="264" ind1=" " ind2=" ">
    <subfield code="a">Chapingo, M&#xE9;xico :</subfield>
    <subfield code="b">El autor,</subfield>
    <subfield code="c">2001</subfield>
  </datafield>
  <datafield tag="300" ind1=" " ind2=" ">
    <subfield code="a">v, 82 hojas :</subfield>
    <subfield code="b">ilustraciones, tablas, gr&#xE1;ficas, planos </subfield>
  </datafield>
  <datafield tag="336" ind1=" " ind2=" ">
    <subfield code="2">rdacontent</subfield>
    <subfield code="a">texto</subfield>
    <subfield code="b">txt</subfield>
  </datafield>
  <datafield tag="337" ind1=" " ind2=" ">
    <subfield code="2">rdamedia</subfield>
    <subfield code="a">no mediado</subfield>
    <subfield code="b">n</subfield>
  </datafield>
  <datafield tag="338" ind1=" " ind2=" ">
    <subfield code="2">rdacarrier</subfield>
    <subfield code="a">volumen</subfield>
    <subfield code="b">nc</subfield>
  </datafield>
  <datafield tag="502" ind1=" " ind2=" ">
    <subfield code="a">Tesis</subfield>
    <subfield code="b">(Ingeniero Agroindustrial) --</subfield>
    <subfield code="c">UACh. Departamento de Ingenier&#xED;a Agroindustrial,</subfield>
    <subfield code="d">2001</subfield>
  </datafield>
  <datafield tag="504" ind1=" " ind2=" ">
    <subfield code="a">Bibliograf&#xED;a: 64-65</subfield>
  </datafield>
  <datafield tag="505" ind1="0" ind2="0">
    <subfield code="a">3 planos : --
1. Sistema en fase de calentamiento --
2. Sistema en fase de enfriamiento --
3. Diagrama el&#xE9;ctrico del funcionamiento autom&#xE1;tico del pasteurizador-coagulador </subfield>
  </datafield>
  <datafield tag="520" ind1="3" ind2=" ">
    <subfield code="a">Para la soluci&#xF3;n de los problemas de producci&#xF3;n en la queser&#xED;a rural, la Universidad Aut&#xF3;noma Chapingo a trav&#xE9;s del Departamento de Ingenier&#xED;a Agroindustrial, propone un sistema de enfriamiento en equipos de pasteurizaci&#xF3;n de uso rural a cuatro escalas (50, 100, 150 y 200 L ) con soportes t&#xE9;cnicos y econ&#xF3;micos que lo hacen factible de aplicar enequipos que procesen leche en la elaboraci&#xF3;n de quesos con calidad nutricional y comercial.Se desarroll&#xF3; un modelo matem&#xE1;tico que simular&#xE1; la transferencia de calor, se redise&#xF1;aron algunos aspectos fisicos de la tina para que el modelo matem&#xE1;tico fuera aplicado a los procesos de calentamiento retenci&#xF3;n y enfriamiento. Con el modelo matem&#xE1;tico, se calcularon temperaturas y tiempos, en los procesos de calentamiento y enfriamiento obteni&#xE9;ndose cantidades de energ&#xED;a acumulada mediante simulaci&#xF3;n de transferencia de calor. Se propone un sistema de producci&#xF3;n de frio (bomba de calor-refrigerador) de funcionamiento autom&#xE1;tico, que har&#xE1; los procesos de calentamiento, retenci&#xF3;n y enfriamiento dise&#xF1;ado como equipo compacto pero con componentes que generan una dependencia tecnol&#xF3;gica, lo que encarece su proceso de fabricaci&#xF3;n, pero que puede ser transportado a cualquier lugar donde se tenga energ&#xED;a el&#xE9;ctrica con un voltaje de127 volts y que su operaci&#xF3;n tenga las m&#xED;nimas repercusiones de da&#xF1;o hacia el ambiente. De esta forma, se dan las bases te&#xF3;ricas de investigaci&#xF3;n, para dar continuidad al trabajo en la construcci&#xF3;n fisica del prototipo, que caracterice el sistema de producci&#xF3;n de frio y valide el modelo matem&#xE1;tico de simulaci&#xF3;n de transferencia de calor obtenido. 
</subfield>
  </datafield>
  <datafield tag="520" ind1="3" ind2=" ">
    <subfield code="a">To solve the production problems at rural cheese factories, Agro-industrial Engineering Department to Chapingo University, proposes a cooling system equipment of pasteurization and it had used in rural areas to four scales (50, 100, 150 and 200 L) with technical and economic base that make it feasible apply to create equipment that processes milk, and produce cheeses with nutritional and commercial quality. It was developing a mathematical model to simulate the heat transference. It was redesigned some physical aspects of the bathtub so that the mathematical model had applied to the heating, retention and cooling processes. With the mathematical model had calculated temperatures and times for heating, and cooling. It was obtaining a amounts of energy accumulated, to heat transference process simulation. A cold system (heat pump-refrigerator) operates automatic, that will be the heating, retention and cooling processes it designed to be a compact equipment, but with components that generate a technological dependency.It increases in price its process of manufacture, but can be transported to any place where had 127 v to electrical energy. The operation could have minimum pollution repercussions towards the environmental. This research give a theoretical bases and it would use to make a physical prototype that characterise a cold system, then it validate a mathematical model to heat transference simulation</subfield>
  </datafield>
  <datafield tag="650" ind1="1" ind2="3">
    <subfield code="a">Enfriamiento</subfield>
    <subfield code="2">atg</subfield>
  </datafield>
  <datafield tag="650" ind1="1" ind2="3">
    <subfield code="a">Pasteurizaci&#xF3;n  </subfield>
    <subfield code="2">atg</subfield>
  </datafield>
  <datafield tag="650" ind1="1" ind2="3">
    <subfield code="a">Cooling</subfield>
    <subfield code="2">atg</subfield>
  </datafield>
  <datafield tag="650" ind1="1" ind2="3">
    <subfield code="a">Pasteurization</subfield>
    <subfield code="2">atg</subfield>
  </datafield>
  <datafield tag="700" ind1="1" ind2=" ">
    <subfield code="a">Covarrubias Guti&#xE9;rrez, Ignacio</subfield>
    <subfield code="e">director</subfield>
  </datafield>
  <datafield tag="700" ind1="1" ind2=" ">
    <subfield code="a">Reyes Vigil, Miguel</subfield>
    <subfield code="e">asesor</subfield>
  </datafield>
  <datafield tag="700" ind1="1" ind2=" ">
    <subfield code="a">Santos Moreno, Armando</subfield>
    <subfield code="e">asesor</subfield>
  </datafield>
  <datafield tag="901" ind1=" " ind2=" ">
    <subfield code="a">TESIS G89 2001</subfield>
  </datafield>
  <datafield tag="942" ind1=" " ind2=" ">
    <subfield code="2">Clasificaci&#xF3;n Universidad Aut&#xF3;noma Chapingo</subfield>
    <subfield code="c">Tesis</subfield>
  </datafield>
  <datafield tag="999" ind1=" " ind2=" ">
    <subfield code="c">220658</subfield>
    <subfield code="d">220658</subfield>
  </datafield>
  <datafield tag="952" ind1=" " ind2=" ">
    <subfield code="0">0</subfield>
    <subfield code="1">0</subfield>
    <subfield code="2">local</subfield>
    <subfield code="4">0</subfield>
    <subfield code="5">1</subfield>
    <subfield code="7">0</subfield>
    <subfield code="8">TESIS</subfield>
    <subfield code="a">IA_</subfield>
    <subfield code="b">IA_</subfield>
    <subfield code="d">2025-06-23</subfield>
    <subfield code="e">El autor</subfield>
    <subfield code="l">0</subfield>
    <subfield code="o">Tesis G89 2001</subfield>
    <subfield code="p">1101015562</subfield>
    <subfield code="r">2026-02-02 00:00:00</subfield>
    <subfield code="t">Ej.1</subfield>
    <subfield code="w">2025-06-23</subfield>
    <subfield code="y">TESIS</subfield>
  </datafield>
  <datafield tag="952" ind1=" " ind2=" ">
    <subfield code="0">0</subfield>
    <subfield code="1">0</subfield>
    <subfield code="2">local</subfield>
    <subfield code="4">0</subfield>
    <subfield code="5">5</subfield>
    <subfield code="7">0</subfield>
    <subfield code="8">TESIS</subfield>
    <subfield code="a">IA_</subfield>
    <subfield code="b">IA_</subfield>
    <subfield code="d">2025-06-23</subfield>
    <subfield code="e">El autor</subfield>
    <subfield code="l">0</subfield>
    <subfield code="o">Tesis G89 2001</subfield>
    <subfield code="p">1101015563</subfield>
    <subfield code="r">2026-02-02 00:00:00</subfield>
    <subfield code="t">Ej.2</subfield>
    <subfield code="w">2025-06-23</subfield>
    <subfield code="y">TESIS</subfield>
  </datafield>
</record>
